| 000 | 00490nam a22001577a 4500 | ||
|---|---|---|---|
| 999 |
_c7921 _d7922 |
||
| 008 | 190425b ||||| |||| 00| 0 eng d | ||
| 020 | _a0030767652 | ||
| 082 | _a301 B42k 1971 | ||
| 100 | _aBeidelman, T. O. (Thomas O.), | ||
| 245 | _aThe Kaguru, a matrilineal people of East Africa. | ||
| 260 |
_aNew York : _bHolt, Rinehart and Winston, _c1971. |
||
| 300 |
_ax, 134 p. _billus., map. _c24 cm. |
||
| 500 | _a Bibliography: p. 132-134. | ||
| 650 | _a Kaguru (Bantu tribe) | ||
| 942 | _2ddc | ||